[Event "CYCC U14 w"]
[Site "Ottawa CAN"]
[Date "2013.07.11"]
[Round "4"]
[White "Goonveda, Jutton"]
[Black "Thanabalachandran, Luxiga"]
[Result "0-1"]
[WhiteElo "678"]
[BlackElo "1025"]
[PlyCount "128"]
[GameId "2160767909334884"]
[EventDate "2013.07.10"]
[EventType "swiss"]
[EventRounds "6"]
[EventCountry "CAN"]
[SourceTitle "EXT 2022"]
[Source "ChessBase"]
[SourceDate "2021.10.06"]
[SourceVersion "1"]
[SourceVersionDate "2021.10.06"]
[SourceQuality "1"]

1. e4 e6 2. f3 d5 3. d4 c5 4. Be3 Qb6 5. dxc5 Bxc5 6. Bxc5 Qxc5 7. exd5 Qxd5 8. Bd3 Qe5+ 9. Ne2 Qxb2 10. Nbc3 Nc6 11. Rb1 Qa3 12. O-O Nf6 13. Nb5 Qc5+ 14. Rf2 Nd5 15. Be4 Kd8 16. f4 Bd7 17. f5 Nf6 18. Nd6 Ke7 19. Nxb7 Qe5 20. Rf4 Nxe4 21. g3 exf5 22. Rb3 Rab8 23. Rd3 Rxb7 24. Rd5 Qf6 25. g4 Qg6 26. Qd3 fxg4 27. Qa3+ Ke6 28. Rff5 Qh6 29. Nf4+ Qxf4 30. Rxf4 Kxd5 31. Qd3+ Kc5 32. Rxe4 Kb6 33. c4 Kc7 34. Qd5 Re8 35. Rf4 f6 36. c5 Kd8 37. a4 Rb4 38. Rf2 Rxa4 39. Rf1 Kc8 40. Qb3 Nd4 41. Qf7 Nf5 42. Rd1 Rd8 43. Qd5 Ne3 44. Qa8+ Kc7 45. Qh1 Bc6 46. Qxc6+ Kxc6 47. Rxd8 Kxc5 48. Rc8+ Kb6 49. Re8 Nf5 50. Rb8+ Kc7 51. Rb5 Nh6 52. Rc5+ Kb6 53. Rh5 Ra1+ 54. Kg2 a5 55. h4 gxh3+ 56. Kxh3 Rh1+ 57. Kg3 Rxh5 58. Kf3 a4 59. Ke2 a3 60. Kd1 a2 61. Kc1 a1=Q+ 62. Kc2 Qa3 63. Kd2 Rh2+ 64. Kd1 Qa1# 0-1

[Event "CYCC U14 w"]
[Site "Ottawa CAN"]
[Date "2013.07.11"]
[Round "4"]
[White "Peng, Janet"]
[Black "Pobereshnikova, Agniya"]
[Result "1/2-1/2"]
[WhiteElo "1537"]
[BlackElo "1353"]
[PlyCount "71"]
[GameId "2160767909334885"]
[EventDate "2013.07.10"]
[EventType "swiss"]
[EventRounds "6"]
[EventCountry "CAN"]
[SourceTitle "EXT 2022"]
[Source "ChessBase"]
[SourceDate "2021.10.06"]
[SourceVersion "1"]
[SourceVersionDate "2021.10.06"]
[SourceQuality "1"]

1. d4 Nf6 2. Nf3 d5 3. c4 e6 4. Nc3 Be7 5. Bg5 h6 6. Bh4 O-O 7. e3 Nbd7 8. cxd5 Nxd5 9. Bxe7 Qxe7 10. Nxd5 exd5 11. Be2 Nf6 12. O-O Bf5 13. Qb3 c5 14. dxc5 Qxc5 15. Rac1 Qe7 16. Nd4 Be6 17. Rc2 Rac8 18. Rfc1 Rxc2 19. Rxc2 Rc8 20. Rxc8+ Bxc8 21. h3 Qc5 22. Bf3 b6 23. Qb5 Bb7 24. Qxc5 bxc5 25. Nb3 c4 26. Nd4 Kf8 27. Kf1 Ke7 28. Ke1 Kd6 29. Kd2 Kc5 30. Kc3 g5 31. g4 a5 32. a3 a4 33. Kc2 Ne8 34. Bg2 Nd6 35. Kc3 f5 36. gxf5 1/2-1/2

[Event "CYCC U14 w"]
[Site "Ottawa CAN"]
[Date "2013.07.11"]
[Round "4"]
[White "Tao, Rachel"]
[Black "Tinica, Sabina"]
[Result "1-0"]
[WhiteElo "1677"]
[BlackElo "1146"]
[PlyCount "87"]
[GameId "2160767909334886"]
[EventDate "2013.07.10"]
[EventType "swiss"]
[EventRounds "6"]
[EventCountry "CAN"]
[SourceTitle "EXT 2022"]
[Source "ChessBase"]
[SourceDate "2021.10.06"]
[SourceVersion "1"]
[SourceVersionDate "2021.10.06"]
[SourceQuality "1"]

1. e4 c5 2. Nf3 d6 3. d4 cxd4 4. Nxd4 Nf6 5. Nc3 g6 6. Be3 Bg7 7. f3 Bd7 8. Qd2 Nc6 9. O-O-O O-O 10. g4 a6 11. h4 b5 12. Kb1 b4 13. Nce2 a5 14. h5 a4 15. hxg6 fxg6 16. Nxc6 Bxc6 17. Nd4 Bd7 18. Bc4+ Kh8 19. Bh6 b3 20. cxb3 axb3 21. Bxb3 Qa5 22. Bxg7+ Kxg7 23. Qh6+ Kh8 24. Ne6 Bxe6 25. Bxe6 Rfb8 26. Qxg6 Qa3 27. Rd2 Qxf3 28. Rdh2 Rxb2+ 29. Kxb2 Qa3+ 30. Kc2 Qc5+ 31. Kd3 Qb5+ 32. Ke3 Qc5+ 33. Ke2 Qc2+ 34. Ke1 Qc1+ 35. Ke2 Qc2+ 36. Kf3 Qc3+ 37. Kg2 Qb2+ 38. Kh3 Qe5 39. Qf5 Qc3+ 40. Kg2 Qc2+ 41. Kf3 Qd3+ 42. Kf4 Rf8 43. Rxh7+ Nxh7 44. Qxf8# 1-0

[Event "CYCC U14 w"]
[Site "Ottawa CAN"]
[Date "2013.07.11"]
[Round "4"]
[White "Zhou, Qiyu"]
[Black "Forshaw, Erica"]
[Result "1-0"]
[WhiteElo "2160"]
[BlackElo "1386"]
[PlyCount "69"]
[GameId "2160767909334887"]
[EventDate "2013.07.10"]
[EventType "swiss"]
[EventRounds "6"]
[EventCountry "CAN"]
[SourceTitle "EXT 2022"]
[Source "ChessBase"]
[SourceDate "2021.10.06"]
[SourceVersion "1"]
[SourceVersionDate "2021.10.06"]
[SourceQuality "1"]

1. e4 c5 2. Nf3 d6 3. d4 cxd4 4. Nxd4 Nf6 5. Nc3 g6 6. Be3 Bg7 7. f3 O-O 8. Qd2 Nc6 9. O-O-O Bd7 10. g4 Ne5 11. h4 h5 12. gxh5 Nxh5 13. Rg1 Rc8 14. Kb1 e6 15. f4 Nc4 16. Bxc4 Rxc4 17. f5 exf5 18. exf5 Rxc3 19. Qxc3 Bxf5 20. Qb3 Bxd4 21. Rxd4 Qc7 22. Rc4 Qe7 23. Qc3 Kh7 24. b3 Rc8 25. Rxc8 Bxc8 26. Bg5 Qe8 27. Qd4 Ng3 28. Qxd6 Ne2 29. Rf1 Bh3 30. Rf3 Bf5 31. Re3 Qb5 32. a4 Bxc2+ 33. Kxc2 Qf5+ 34. Kb2 Qf2 35. Qd2 1-0

[Event "CYCC U14 w"]
[Site "Ottawa CAN"]
[Date "2013.07.12"]
[Round "5"]
[White "Bai, Minya"]
[Black "Tao, Rachel"]
[Result "0-1"]
[WhiteElo "1201"]
[BlackElo "1677"]
[PlyCount "144"]
[GameId "2160767909334888"]
[EventDate "2013.07.10"]
[EventType "swiss"]
[EventRounds "6"]
[EventCountry "CAN"]
[SourceTitle "EXT 2022"]
[Source "ChessBase"]
[SourceDate "2021.10.06"]
[SourceVersion "1"]
[SourceVersionDate "2021.10.06"]
[SourceQuality "1"]

1. c4 Nf6 2. Nc3 e6 3. Nf3 d5 4. d4 c6 5. e3 Nbd7 6. Bd3 dxc4 7. Bxc4 b5 8. Bd3 Bb7 9. Bd2 a6 10. a3 c5 11. dxc5 Nxc5 12. Bc2 Be7 13. b4 Nd3+ 14. Bxd3 Qxd3 15. Qe2 Qg6 16. O-O O-O 17. Rfe1 Rfd8 18. e4 Nd7 19. Rac1 Rac8 20. Rc2 Bf6 21. Rcc1 Nb6 22. Na2 Nc4 23. a4 Nxd2 24. Nxd2 Rxc1 25. Rxc1 Bg5 26. Rd1 bxa4 27. Nc3 h6 28. Nxa4 Bxd2 29. Nc5 Bc6 30. Rxd2 Rxd2 31. Qxd2 Bxe4 32. Nxe4 Qxe4 33. f3 Qd5 34. Qc3 e5 35. Kf1 Qb5+ 36. Kf2 g5 37. g4 f6 38. h3 Kf7 39. Qc7+ Kg6 40. Qc2+ Kg7 41. Qc7+ Kf8 42. Qc8+ Ke7 43. Qc7+ Qd7 44. Qxd7+ Kxd7 45. Ke3 Kc6 46. Kd2 Kd6 47. Ke3 Kd5 48. Kd3 Kc6 49. Kd2 Kb5 50. Kc3 Kc6 51. Kd2 Kd5 52. Kd3 Kd6 53. Ke4 f5+ 54. Ke3 f4+ 55. Ke2 Kd5 56. Kd3 e4+ 57. fxe4+ Ke5 58. Ke2 Kxe4 59. Kf2 Kd3 60. Kf3 Kc3 61. h4 Kxb4 62. hxg5 hxg5 63. Ke4 a5 64. Kf3 a4 65. Ke4 a3 66. Kf3 a2 67. Ke4 a1=Q 68. Kf3 Qd4 69. Ke2 Qe3+ 70. Kf1 Qd2 71. Kg1 f3 72. Kh1 Qg2# 0-1

[Event "CYCC U14 w"]
[Site "Ottawa CAN"]
[Date "2013.07.12"]
[Round "5"]
[White "Forshaw, Erica"]
[Black "Tapp, Ashley"]
[Result "1/2-1/2"]
[WhiteElo "1386"]
[BlackElo "1481"]
[PlyCount "75"]
[GameId "2160767909334889"]
[EventDate "2013.07.10"]
[EventType "swiss"]
[EventRounds "6"]
[EventCountry "CAN"]
[SourceTitle "EXT 2022"]
[Source "ChessBase"]
[SourceDate "2021.10.06"]
[SourceVersion "1"]
[SourceVersionDate "2021.10.06"]
[SourceQuality "1"]

1. c4 c6 2. g3 d5 3. Bg2 Nf6 4. b3 Bf5 5. Bb2 e6 6. d3 Bb4+ 7. Nd2 Nbd7 8. a3 Bd6 9. Ngf3 O-O 10. O-O a5 11. Re1 Bg6 12. e4 Be7 13. Qe2 dxe4 14. dxe4 Nc5 15. e5 Nfe4 16. Rad1 Nxd2 17. Rxd2 Qb6 18. Bd4 Qxb3 19. Bxc5 Bxc5 20. Rb2 Qxa3 21. Rxb7 Bb4 22. Rd1 Rfd8 23. Rbd7 Rxd7 24. Rxd7 Qc1+ 25. Rd1 Qc2 26. Qxc2 Bxc2 27. Rc1 Bb3 28. Nd4 Ba4 29. Nxc6 Bxc6 30. Bxc6 Rc8 31. Bb5 Kf8 32. Kf1 Ke7 33. Rd1 Rd8 34. Rxd8 Kxd8 35. Ke2 Bc5 36. h3 h6 37. f4 Ke7 38. Kf3 1/2-1/2

[Event "CYCC U14 w"]
[Site "Ottawa CAN"]
[Date "2013.07.12"]
[Round "5"]
[White "Kathirkamar, Vaanie"]
[Black "Goonveda, Jutton"]
[Result "1-0"]
[WhiteElo "945"]
[BlackElo "678"]
[PlyCount "49"]
[GameId "2160767909334890"]
[EventDate "2013.07.10"]
[EventType "swiss"]
[EventRounds "6"]
[EventCountry "CAN"]
[SourceTitle "EXT 2022"]
[Source "ChessBase"]
[SourceDate "2021.10.06"]
[SourceVersion "1"]
[SourceVersionDate "2021.10.06"]
[SourceQuality "1"]

1. e4 e6 2. d4 Qh4 3. Nc3 e5 4. dxe5 Bc5 5. g3 Qe7 6. Nf3 d6 7. exd6 cxd6 8. Bd3 Be6 9. Ng5 f6 10. Nxe6 Qxe6 11. Nd5 Qd7 12. Bb5 Nc6 13. O-O Nh6 14. Bxh6 gxh6 15. Nxf6+ Ke7 16. Nxd7 Kxd7 17. Qg4+ Kc7 18. Qg7+ Kb6 19. Bxc6 Rhb8 20. Bd5 h5 21. Qxh7 Ka5 22. Bxb7 Rh8 23. Qc7+ Bb6 24. Qc3+ Ka4 25. Bc6# 1-0

[Event "CYCC U14 w"]
[Site "Ottawa CAN"]
[Date "2013.07.12"]
[Round "5"]
[White "Peng, Janet"]
[Black "Zhou, Qiyu"]
[Result "1/2-1/2"]
[WhiteElo "1537"]
[BlackElo "2160"]
[PlyCount "55"]
[GameId "2160767909334891"]
[EventDate "2013.07.10"]
[EventType "swiss"]
[EventRounds "6"]
[EventCountry "CAN"]
[SourceTitle "EXT 2022"]
[Source "ChessBase"]
[SourceDate "2021.10.06"]
[SourceVersion "1"]
[SourceVersionDate "2021.10.06"]
[SourceQuality "1"]

1. d4 d5 2. c4 e6 3. Nc3 Nf6 4. Bg5 Nbd7 5. cxd5 exd5 6. Nf3 c6 7. e3 Be7 8. Be2 O-O 9. O-O Re8 10. Rb1 Nf8 11. b4 Bf5 12. Bxf6 Bxf6 13. Rc1 Rc8 14. Qb3 a6 15. a4 Qd6 16. Na2 Ne6 17. Rfd1 h6 18. b5 axb5 19. axb5 Ra8 20. Nb4 Be7 21. Nd3 Ra3 22. Qb2 Rea8 23. Ra1 cxb5 24. Rxa3 Rxa3 25. Qxb5 Ra2 26. Bf1 Nd8 27. Nf4 Be4 28. Nd2 1/2-1/2

[Event "CYCC U14 w"]
[Site "Ottawa CAN"]
[Date "2013.07.12"]
[Round "5"]
[White "Pobereshnikova, Agniya"]
[Black "Gao, Christine"]
[Result "1-0"]
[WhiteElo "1353"]
[BlackElo "1399"]
[PlyCount "41"]
[GameId "2160767909334892"]
[EventDate "2013.07.10"]
[EventType "swiss"]
[EventRounds "6"]
[EventCountry "CAN"]
[SourceTitle "EXT 2022"]
[Source "ChessBase"]
[SourceDate "2021.10.06"]
[SourceVersion "1"]
[SourceVersionDate "2021.10.06"]
[SourceQuality "1"]

1. e4 c5 2. Nf3 d6 3. d4 cxd4 4. Nxd4 Nf6 5. Nc3 g6 6. Be3 Bg7 7. Bc4 O-O 8. f3 Nc6 9. Qd2 Bd7 10. h4 Ne5 11. Bb3 h5 12. O-O-O Qa5 13. Kb1 Rfe8 14. Bg5 Nc6 15. Nde2 Ne5 16. Bh6 Bh8 17. Qg5 Qa6 18. Nf4 Nh7 19. Qg3 Nf6 20. Nxg6 Nxg6 21. Qxg6+ 1-0

[Event "CYCC U14 w"]
[Site "Ottawa CAN"]
[Date "2013.07.12"]
[Round "5"]
[White "Thanabalachandran, Luxiga"]
[Black "Li, Kristen"]
[Result "0-1"]
[WhiteElo "1025"]
[BlackElo "1375"]
[PlyCount "58"]
[GameId "2160767909334893"]
[EventDate "2013.07.10"]
[EventType "swiss"]
[EventRounds "6"]
[EventCountry "CAN"]
[SourceTitle "EXT 2022"]
[Source "ChessBase"]
[SourceDate "2021.10.06"]
[SourceVersion "1"]
[SourceVersionDate "2021.10.06"]
[SourceQuality "1"]

1. e4 c5 2. c3 d5 3. exd5 Qxd5 4. d4 Nc6 5. Nf3 Bg4 6. Be2 e6 7. O-O Nf6 8. Be3 cxd4 9. Bxd4 Nxd4 10. cxd4 Be7 11. Nc3 Qd6 12. Rc1 a6 13. Bc4 O-O 14. d5 e5 15. Re1 Rac8 16. Bb3 b5 17. Ne4 Nxe4 18. Rxc8 Rxc8 19. Rxe4 Bxf3 20. Qxf3 Qf6 21. Qe3 Qf5 22. h3 Bg5 23. Qf3 Rc1+ 24. Kh2 Bf4+ 25. g3 Bxg3+ 26. Kg2 Rg1+ 27. Kxg1 Qxf3 28. Re3 Qxf2+ 29. Kh1 Qh2# 0-1

[Event "CYCC U14 w"]
[Site "Ottawa CAN"]
[Date "2013.07.12"]
[Round "6"]
[White "Gao, Christine"]
[Black "Forshaw, Erica"]
[Result "1/2-1/2"]
[WhiteElo "1399"]
[BlackElo "1386"]
[PlyCount "136"]
[GameId "2160767909334894"]
[EventDate "2013.07.10"]
[EventType "swiss"]
[EventRounds "6"]
[EventCountry "CAN"]
[SourceTitle "EXT 2022"]
[Source "ChessBase"]
[SourceDate "2021.10.06"]
[SourceVersion "1"]
[SourceVersionDate "2021.10.06"]
[SourceQuality "1"]

1. e4 c5 2. Nf3 d6 3. d4 cxd4 4. Nxd4 Nf6 5. Nc3 g6 6. Be3 Bg7 7. f3 O-O 8. Qd2 Nc6 9. g4 Be6 10. O-O-O Rc8 11. Kb1 Nxd4 12. Bxd4 a6 13. h4 b5 14. h5 b4 15. Nd5 Bxd5 16. exd5 Qa5 17. hxg6 fxg6 18. g5 Nxd5 19. Bxg7 Nc3+ 20. bxc3 bxc3 21. Qd5+ Qxd5 22. Rxd5 Kxg7 23. Rd3 Rf5 24. f4 Rxf4 25. Rdh3 Rh8 26. Re3 e5 27. Rxc3 Rf7 28. Bxa6 Rb8+ 29. Ka1 e4 30. Rb1 Rxb1+ 31. Kxb1 d5 32. Rc5 Rf5 33. Bb7 e3 34. Ba6 Rxg5 35. a4 h5 36. Rc7+ Kf6 37. Bd3 d4 38. Rd7 h4 39. Rxd4 Rh5 40. Re4 h3 41. Rxe3 h2 42. Be4 h1=Q+ 43. Bxh1 Rxh1+ 44. Kb2 g5 45. Re8 Kf7 46. Re4 Rh4 47. Re5 Kf6 48. Re2 Rxa4 49. Kb3 Rf4 50. Rg2 g4 51. Kc3 Rf3+ 52. Kd2 Kf5 53. Ke2 Rc3 54. Rf2+ Kg5 55. Kf1 Kh4 56. Rh2+ Kg5 57. Rf2 g3 58. Rd2 Kg4 59. Kg2 Rc4 60. Re2 Kf4 61. Rd2 Rc5 62. Rd4+ Ke5 63. Rd2 Kf4 64. Rd4+ Ke3 65. Rd3+ Kf4 66. Rd2 Rc3 67. Re2 Rc5 68. Rd2 Rc3 1/2-1/2

[Event "CYCC U14 w"]
[Site "Ottawa CAN"]
[Date "2013.07.12"]
[Round "6"]
[White "Li, Kristen"]
[Black "Goonveda, Jutton"]
[Result "1-0"]
[WhiteElo "1375"]
[BlackElo "678"]
[PlyCount "81"]
[GameId "2160767909334895"]
[EventDate "2013.07.10"]
[EventType "swiss"]
[EventRounds "6"]
[EventCountry "CAN"]
[SourceTitle "EXT 2022"]
[Source "ChessBase"]
[SourceDate "2021.10.06"]
[SourceVersion "1"]
[SourceVersionDate "2021.10.06"]
[SourceQuality "1"]

1. e4 e6 2. d4 d5 3. Nc3 Bb4 4. exd5 exd5 5. Bd3 Nf6 6. a3 Ba5 7. Nf3 Be6 8. O-O Nc6 9. Be3 Qd6 10. b4 Bb6 11. Qd2 O-O-O 12. h3 Ne7 13. Ng5 c6 14. Nxe6 fxe6 15. Bf4 Qd7 16. Be5 Rhf8 17. Na4 h6 18. Nxb6+ axb6 19. a4 g5 20. a5 b5 21. a6 bxa6 22. Rxa6 Qb7 23. Rfa1 Ne4 24. Bxe4 dxe4 25. Ra8+ Kd7 26. R8a7 Qxa7 27. Rxa7+ Ke8 28. Bg7 Rf7 29. Bxh6 Nf5 30. Rxf7 Kxf7 31. Qxg5 Rg8 32. Qh5+ Rg6 33. Bf4 Nxd4 34. Qh7+ Rg7 35. Qxe4 Nf5 36. Qxc6 Nd4 37. Qd7+ Kf6 38. Be5+ Kg6 39. Qxg7+ Kf5 40. Bxd4 Ke4 41. Qe5# 1-0

[Event "CYCC U14 w"]
[Site "Ottawa CAN"]
[Date "2013.07.12"]
[Round "6"]
[White "Tao, Rachel"]
[Black "Peng, Janet"]
[Result "1-0"]
[WhiteElo "1677"]
[BlackElo "1537"]
[PlyCount "111"]
[GameId "2160767909334896"]
[EventDate "2013.07.10"]
[EventType "swiss"]
[EventRounds "6"]
[EventCountry "CAN"]
[SourceTitle "EXT 2022"]
[Source "ChessBase"]
[SourceDate "2021.10.06"]
[SourceVersion "1"]
[SourceVersionDate "2021.10.06"]
[SourceQuality "1"]

1. e4 e6 2. d4 d5 3. exd5 exd5 4. Nf3 Nf6 5. Bd3 Be7 6. h3 O-O 7. O-O c5 8. c3 Nc6 9. Bf4 Qb6 10. Qb3 Qd8 11. dxc5 Bxc5 12. Nbd2 Bb6 13. Rfe1 h6 14. Ne5 Nxe5 15. Bxe5 Be6 16. Qc2 Rc8 17. Nf3 Nd7 18. Bd4 Nc5 19. Bh7+ Kh8 20. Ne5 Qg5 21. Kh1 Nd7 22. Nf3 Qd8 23. Bxb6 Qxb6 24. Bd3 Nc5 25. Re2 Bd7 26. Bf5 Bxf5 27. Qxf5 Kg8 28. Qxd5 Rcd8 29. Qf5 Rde8 30. Rae1 Rxe2 31. Rxe2 Ne6 32. Qg4 Qa6 33. Nh4 Ng5 34. f4 Nh7 35. Nf5 Qg6 36. Ne7+ Kh8 37. Nxg6+ fxg6 38. Qxg6 Rf6 39. Re8+ Rf8 40. Rxf8+ Nxf8 41. Qf7 Nh7 42. Qe8+ Nf8 43. Qxf8+ Kh7 44. f5 b5 45. g4 a5 46. f6 gxf6 47. Qxf6 b4 48. g5 hxg5 49. Qxg5 bxc3 50. bxc3 a4 51. Kg2 a3 52. Kf3 Kh8 53. Ke4 Kh7 54. Ke5 Kh8 55. Kf6 Kh7 56. Qg7# 1-0

[Event "CYCC U14 w"]
[Site "Ottawa CAN"]
[Date "2013.07.12"]
[Round "6"]
[White "Tapp, Ashley"]
[Black "Kathirkamar, Vaanie"]
[Result "1/2-1/2"]
[WhiteElo "1481"]
[BlackElo "945"]
[PlyCount "133"]
[GameId "2160767909334897"]
[EventDate "2013.07.10"]
[EventType "swiss"]
[EventRounds "6"]
[EventCountry "CAN"]
[SourceTitle "EXT 2022"]
[Source "ChessBase"]
[SourceDate "2021.10.06"]
[SourceVersion "1"]
[SourceVersionDate "2021.10.06"]
[SourceQuality "1"]

1. d4 d5 2. c4 e6 3. Nc3 Nf6 4. cxd5 exd5 5. Bg5 Nbd7 6. e3 c6 7. Nf3 Qa5 8. a3 Ne4 9. Rc1 Nxc3 10. Rxc3 Bxa3 11. Nd2 Bxb2 12. Rc2 Bc3 13. Bd3 Bb4 14. O-O Bd6 15. Nf3 O-O 16. Bh4 Re8 17. Ng5 Nf6 18. h3 h6 19. Nf3 Qd8 20. Nd2 Qc7 21. Bxf6 gxf6 22. Qh5 Bf8 23. Qxd5 Qh2+ 24. Kxh2 cxd5 25. Rb1 Rb8 26. Ra2 a6 27. Rxa6 bxa6 28. Rxb8 Bd6+ 29. Kg1 Bxb8 30. Nb3 Kh8 31. Kf1 Rg8 32. g4 h5 33. f3 hxg4 34. hxg4 Rg5 35. Ke2 f5 36. gxf5 Bxf5 37. Bxa6 Rg2+ 38. Kf1 Bh3 39. Ke1 Bg3+ 40. Kd1 Bf5 41. Nc5 Bd6 42. Bb7 Bxc5 43. dxc5 Rc2 44. Bxd5 Rxc5 45. Bxf7 Kg7 46. Bb3 Re5 47. e4 Bxe4 48. fxe4 Rxe4 49. Kd2 Kf6 50. Bc2 Rd4+ 51. Ke3 Ke5 52. Bb1 Ra4 53. Bc2 Ra3+ 54. Kd2 Kd4 55. Bb1 Rh3 56. Ke2 Ke5 57. Kd2 Kd4 58. Ke2 Rb3 59. Bg6 Rb2+ 60. Kf3 Ke5 61. Ke3 Rb3+ 62. Ke2 Kd4 63. Kf2 Re3 64. Bh7 Re7 65. Bg6 Rg7 66. Bb1 Rg4 67. Kf3 1/2-1/2

[Event "CYCC U14 w"]
[Site "Ottawa CAN"]
[Date "2013.07.12"]
[Round "6"]
[White "Tinica, Sabina"]
[Black "Thanabalachandran, Luxiga"]
[Result "0-1"]
[WhiteElo "1146"]
[BlackElo "1025"]
[PlyCount "174"]
[GameId "2160767909334898"]
[EventDate "2013.07.10"]
[EventType "swiss"]
[EventRounds "6"]
[EventCountry "CAN"]
[SourceTitle "EXT 2022"]
[Source "ChessBase"]
[SourceDate "2021.10.06"]
[SourceVersion "1"]
[SourceVersionDate "2021.10.06"]
[SourceQuality "1"]

1. d4 e6 2. c4 d5 3. Nf3 Nf6 4. Bg5 h6 5. Bh4 c5 6. cxd5 exd5 7. Nc3 Be7 8. e3 Nc6 9. dxc5 Bxc5 10. Bxf6 Qxf6 11. Nxd5 Qd6 12. Bb5 O-O 13. O-O Rd8 14. Nc3 Bg4 15. Qxd6 Rxd6 16. Be2 Rg6 17. Bd3 Rd6 18. Be2 Rg6 19. Rfd1 Bd6 20. Ne4 Rd8 21. Rd2 Bh3 22. Ng3 Bg4 23. Rad1 Be7 24. Rxd8+ Bxd8 25. h3 Bxf3 26. Bxf3 Bc7 27. Ne2 Rd6 28. Nd4 Nxd4 29. exd4 b5 30. Be2 a6 31. d5 Bd8 32. b3 Kf8 33. Kh2 Ke7 34. Kg3 Kf6 35. f4 Bc7 36. Kg4 b4 37. Bc4 a5 38. Kf3 Kf5 39. g4+ Kf6 40. h4 g5 41. fxg5+ hxg5 42. h5 Ke5 43. Re1+ Kd4 44. h6 Rxh6 45. Re7 Rf6+ 46. Ke2 Bb6 47. Rb7 Kc3 48. Rb8 Rf2+ 49. Ke1 Bd4 50. d6 Rd2 51. Rd8 Bb6 52. Rd7 f6 53. Bb5 Bc5 54. Re7 Rd5 55. d7 Kd4 56. Re8 Bb6 57. Rb8 Bc7 58. Rc8 Bb6 59. Ba4 Ke5 60. Rc6 Bd8 61. Rc8 Bb6 62. Rf8 Rd6 63. Rf7 Kf4 64. Rh7 Kxg4 65. Rh6 Kf3 66. Rh3+ Kf4 67. Rh6 g4 68. Rg6 Kf3 69. Rg8 g3 70. Bc6+ Rxc6 71. d8=Q Bxd8 72. Rxd8 Rc3 73. Rf8 Rc6 74. Rd8 Rc3 75. Rf8 Re3+ 76. Kd2 Re2+ 77. Kd3 Rxa2 78. Rxf6+ Kg2 79. Rg6 Rf2 80. Kc4 Rf3 81. Rg8 Kg1 82. Kb5 Rxb3 83. Kxa5 g2 84. Rg5 Kh2 85. Rh5+ Rh3 86. Rxh3+ Kxh3 87. Kxb4 g1=Q 0-1

[Event "CYCC U14 w"]
[Site "Ottawa CAN"]
[Date "2013.07.12"]
[Round "6"]
[White "Zhou, Qiyu"]
[Black "Pobereshnikova, Agniya"]
[Result "1-0"]
[WhiteElo "2160"]
[BlackElo "1353"]
[PlyCount "57"]
[GameId "2160767909334899"]
[EventDate "2013.07.10"]
[EventType "swiss"]
[EventRounds "6"]
[EventCountry "CAN"]
[SourceTitle "EXT 2022"]
[Source "ChessBase"]
[SourceDate "2021.10.06"]
[SourceVersion "1"]
[SourceVersionDate "2021.10.06"]
[SourceQuality "1"]

1. e4 c5 2. Nf3 d6 3. d4 cxd4 4. Nxd4 Nf6 5. Nc3 g6 6. Be3 Bg7 7. f3 O-O 8. Qd2 Nc6 9. O-O-O Bd7 10. g4 Bxg4 11. fxg4 Nxg4 12. Nxc6 bxc6 13. Bc4 Nxe3 14. Qxe3 a5 15. Na4 Rb8 16. Bb3 Rb5 17. Rhf1 Rh5 18. Qe2 d5 19. exd5 cxd5 20. Kb1 e6 21. c4 d4 22. c5 Qc7 23. Rf2 Rd8 24. Rxf7 Qe5 25. Qxe5 Rxe5 26. Re7 Bf8 27. Rxe6 Rxe6 28. Bxe6+ Kg7 29. c6 1-0

[Event "CYCC U16"]
[Site "Ottawa CAN"]
[Date "2013.07.10"]
[Round "1"]
[White "Deatrick, Alexander"]
[Black "Wu, Stanley"]
[Result "1/2-1/2"]
[WhiteElo "2122"]
[BlackElo "1741"]
[PlyCount "70"]
[GameId "2160767909334900"]
[EventDate "2013.07.10"]
[EventType "swiss"]
[EventRounds "6"]
[EventCountry "CAN"]
[SourceTitle "hb 2013"]

1. Nf3 Nf6 2. c4 c6 3. g3 d5 4. b3 Bf5 5. Bg2 e6 6. O-O Be7 7. Bb2 O-O 8. d4 h6 9. Nbd2 Nbd7 10. Ne5 Nxe5 11. dxe5 Nd7 12. cxd5 exd5 13. e4 dxe4 14. Nxe4 Nc5 15. Qc2 Qd3 16. Qxd3 Nxd3 17. Bc3 a5 18. Rfd1 Rfd8 19. Rd2 Bxe4 20. Bxe4 Bb4 21. Bxb4 Nxb4 22. Rad1 Rxd2 23. Rxd2 a4 24. bxa4 Nd5 25. Bxd5 cxd5 26. Rxd5 Rxa4 27. Rd2 Kh7 28. f4 Kg6 29. Kf2 Kf5 30. h3 g5 31. fxg5 hxg5 32. Ke2 Ra5 33. Kf3 Ra3+ 34. Rd3 Rxa2 35. g4+ Ke6 1/2-1/2

[Event "CYCC U16"]
[Site "Ottawa CAN"]
[Date "2013.07.10"]
[Round "1"]
[White "Dorrance, Adam"]
[Black "Li, Robert"]
[Result "1-0"]
[WhiteElo "2185"]
[BlackElo "1790"]
[PlyCount "48"]
[GameId "2160767909334901"]
[EventDate "2013.07.10"]
[EventType "swiss"]
[EventRounds "6"]
[EventCountry "CAN"]
[SourceTitle "hb 2013"]

1. e4 e5 2. Nf3 Nc6 3. Bc4 Nf6 4. d4 exd4 5. O-O d6 6. Nxd4 Be7 7. Nc3 O-O 8. h3 Bd7 9. Re1 a6 10. a4 Nxd4 11. Qxd4 Bc6 12. Bg5 Re8 13. Rad1 Nd7 14. Bxe7 Rxe7 15. Nd5 Re6 16. a5 Nc5 17. Bb3 Bd7 18. Qc3 Bc6 19. Re3 Nd7 20. Rg3 Ne5 21. f4 Ng6 22. f5 Rxe4 23. fxg6 hxg6 24. Rf1 Bb5 1-0

[Event "CYCC U16"]
[Site "Ottawa CAN"]
[Date "2013.07.10"]
[Round "1"]
[White "Fu, James"]
[Black "Hui, Jeremy"]
[Result "1/2-1/2"]
[WhiteElo "2257"]
[BlackElo "1976"]
[PlyCount "158"]
[GameId "2160767909334903"]
[EventDate "2013.07.10"]
[EventType "swiss"]
[EventRounds "6"]
[EventCountry "CAN"]
[SourceTitle "hb 2013"]

1. e4 e6 2. d4 d5 3. Nc3 Bb4 4. exd5 exd5 5. Bd3 Nc6 6. Nge2 Nge7 7. O-O Bf5 8. a3 Bd6 9. Nb5 O-O 10. c4 Bxd3 11. Qxd3 dxc4 12. Qxc4 a6 13. Nbc3 Qd7 14. Be3 Rad8 15. Rad1 Rfe8 16. Ng3 Bxg3 17. fxg3 Nd5 18. Bg5 f6 19. Bf4 Qf7 20. Nxd5 Qxd5 21. Qxd5+ Rxd5 22. Bxc7 Rxd4 23. Rxd4 Nxd4 24. Rd1 Nc6 25. Kf2 Kf7 26. Bb6 Ke6 27. Ke2 Re7 28. b4 Ne5 29. a4 Rd7 30. Rc1 Kd5 31. Rc5+ Kd4 32. Rc8+ Kd5 33. Bf2 Nc6 34. b5 axb5 35. axb5 Nd4+ 36. Bxd4 Kxd4 37. h4 Rd5 38. b6 Rd6 39. Rc7 Rxb6 40. Rxg7 h5 41. g4 hxg4 42. Rxg4+ Ke5 43. h5 f5 44. Rg5 Rb4 45. h6 Rh4 46. Rg6 f4 47. Kf3 Kf5 48. Rb6 Kg5 49. Rxb7 Kxh6 50. Rb8 Kg5 51. Rb4 Rh2 52. Rb8 Kf5 53. Rf8+ Kg5 54. Rg8+ Kf5 55. Rg4 Rh1 56. Rxf4+ Kg5 57. Rb4 Rf1+ 58. Kg3 Rf5 59. Rg4+ Kh5 60. Kh3 Ra5 61. Rg8 Ra3+ 62. g3 Kh6 63. Kh4 Ra6 64. g4 Kh7 65. Rb8 Kg7 66. Rb5 Rc6 67. Kh5 Ra6 68. Rb7+ Kg8 69. g5 Rc6 70. Rb8+ Kg7 71. Re8 Ra6 72. Re7+ Kg8 73. Kg4 Rb6 74. Kf5 Ra6 75. Re1 Rb6 76. Rf1 Ra6 77. Ke5 Rg6 78. Rf5 Kg7 79. Kf4 Ra6 1/2-1/2